000 00674nam a2200205Ia 4500
005 20260121110114.0
008 008 260114s9999 xx 000 0 hin d
020 _a9788132371359
037 _aEBOOK
040 _aCRL
_bhin
_cCRL
041 _ahin
_2hin
084 _qCRL
100 _aचंद्रवर्धन चक्रवर्ती / Chandravardhan Chakravarty
_9942118
245 0 _aअजमेर का इतिहास / Ajmer Ka Itihas
260 _bभाषा प्रकाशन / Bhasha Prakashan
_c2022
856 _uhttps://bhashaprakashan.com/product-details/380225
942 _cEBOOK
999 _c1533783
_d1533783